Kvantitatívna stránka súčasného stavu populácie a vývojové trendy medzinárodnej migrácie v Európskej únii

Analýza populačných trendov v krajinách EÚ a ich očakávaný vplyv na migračné toky z a do EÚ. Historický vývoj medzinárodnej migrácie na európskom kontinente. Mapovanie a analýza populačného vývoja v krajinách EÚ a jednotlivé jeho ukazovatele. Možné dôsledky a preventívne kroky, ktoré je nutné urobiť...

Descrizione completa

Salvato in:
Dettagli Bibliografici
Autore principale: Ondrušek, Miloš
Natura: Capitolo di libro
Lingua:slovacco
Soggetti:
Tags: Aggiungi Tag
Nessun Tag, puoi essere il primo ad aggiungerne!!

MARC

LEADER 00000nla$a2200000$$$4500
001 0082721
005 20240502071928.9
041 0 |a slo 
044 |a SK 
245 1 0 |a Kvantitatívna stránka súčasného stavu populácie a vývojové trendy medzinárodnej migrácie v Európskej únii  |c Miloš Ondrušek 
520 |a Analýza populačných trendov v krajinách EÚ a ich očakávaný vplyv na migračné toky z a do EÚ. Historický vývoj medzinárodnej migrácie na európskom kontinente. Mapovanie a analýza populačného vývoja v krajinách EÚ a jednotlivé jeho ukazovatele. Možné dôsledky a preventívne kroky, ktoré je nutné urobiť pre zmiernenie negatívnych dopadov populačného starnutia na Európsku úniu. 
610 2 0 |a Európska únia 
610 2 0 |a vývoj populačný 
610 2 0 |a starnutie populácie 
610 2 0 |a pohyb obyvateľstva 
610 2 0 |a pohyb síl pracovných medzinárodný 
610 2 0 |a migrácia 
100 1 |a Ondrušek, Miloš